Radical Jewish Music střet hudebníků se židovskou tradicí

Bibliographic Details
Main Author: Klusák, Pavel (Author)
Format: Article
Language:Czech
Slovak
ISSN:1335-5309
Subjects:

MARC

LEADER 00000nab a2200000 a 4500
001 vtls000836626
003 SK-MaSNL
005 20260302162656.0
008 040806c2002 xo 0 cze
015 |a SNBRB2003/06-16664 
035 |a CLN000188281 
040 |a SNKBUCL  |b slo  |c SNKBUCL  |e AACR2 
041 0 |a slo 
044 |a xo  |c SK 
080 |a 78(=924)  |2 UDC-MRF-SK2 
080 |a 78:655.413(73)  |2 UDC-MRF-SK2 
080 |a 655.413(73):78  |2 UDC-MRF-SK2 
100 1 |a Klusák, Pavel  |4 aut  |9 862744 
245 1 0 |a Radical Jewish Music  |b střet hudebníků se židovskou tradicí  |c Pavel Klusák 
610 2 7 |a Tzadik (hudobné vydavateľstvo : New York, N.Y.)  |2 snkbucl  |9 862745 
650 0 7 |a židovská hudba  |2 snkbucl  |9 3173 
650 0 7 |a hudobné vydavateľstvá  |2 snkucl  |9 3394 
655 7 |a články z novín a časopisov  |2 snkbucl  |9 267496 
773 0 |x 1335-5309  |t 3/4 revue  |g Roč. 4, č. 13 (2002), s. 46-47 
850 |a Slovenská národná knižnica v Martine 
852 |a SNK  |b KIS3GCP 
999 |c 1380949  |d 1382879